| 000 | 01428nam a2200253Ia 4500 | ||
|---|---|---|---|
| 999 |
_c46144 _d46144 |
||
| 001 | 12976 | ||
| 003 | GE_BSU | ||
| 005 | 20240829120732.0 | ||
| 008 | 181216s1997||||ge |||||||||||||| ||geo|| | ||
| 040 | _cGE_BSU | ||
| 041 | _ageo | ||
| 080 | _a94(479.22) გ-60 | ||
| 100 |
_aგოგიტიძე, სიმონ _9101 |
||
| 245 |
_aმირიან მეფე და ქართლის მოქცევა / _c[რედ. : ა. კახიძე] ; აჭარის კოოპერაც. ინ-ტი. |
||
| 264 |
_aბათუმი : _bმეცნიერება, _c1997. |
||
| 300 |
_a151 გვ. : _bნახ. ; _c20 სმ. |
||
| 500 | _aნაშრომში მოცემულია პირველი ქართველი ქრისტიანი მეფის მირიანის, ნანა დედოფლისა და წმინდა ნინოს ცხოვრებისა და მოღვაწეობის თარიღების დაზუსტების ცდა | ||
| 653 | _aმირიან მეფე | ||
| 653 | _aმირიან მეფე და ქართლის მოქცევა | ||
| 653 | _aსაქართველოს ისტორია | ||
| 653 | _aწმინდა ნინო | ||
| 700 |
_aკახიძე, ა. _eრედაქტორი _923139 |
||
| 942 |
_cBK _2udc |
||